UK Versions of US Sitcoms - Statistics

General Stats
  • This quiz has been taken 30 times
  • The average score is 4 of 15
Answer Stats
Hint Answer % Correct
AbFab Absolutely Fabulous
82%
Sanford & Son Steptoe And Son
64%
The Ropers George And Mildred
59%
Three's Company Man About The House
45%
The Golden Girls Brighton Belles
23%
Three's A Crowd Robins Nest
23%
Who's The Boss The Upper Hand
23%
The Minister Of Divine Vicar of Dibley
23%
Lotsa Luck On The Buses
14%
The Grubbs The Grimleys
14%
All In The Family Till Death Us Do Part
9%
The Lucie Arnaz Show Agony
5%
Stand By Your Man Birds of A Feather
5%
Us And Them Gavin And Stacey
5%
What A Country Mind Your Language
5%
No matching quizzes found
Score Distribution
Percent of People with Each Score
Percentile by Number Answered
Your Score History
You have not taken this quiz